|
|
|
|
| LEADER |
00000nam0a2200000 4500 |
| 001 |
357618 |
| 005 |
20231102011017.0 |
| 035 |
|
|
|a (RuTPU)RU\TPU\retro\14886
|
| 090 |
|
|
|a 357618
|
| 100 |
|
|
|a 20200807d1968 k y0rusy50 ca
|
| 101 |
0 |
|
|a rus
|
| 102 |
|
|
|a RU
|
| 105 |
|
|
|a a z 001zy
|
| 200 |
1 |
|
|a Экспериментальное исследование изменения поперечных размеров электронного пучка в синхротроне на 1,5 Гэв
|e отдельный оттиск
|f Ю. А. Белик [и др.]
|
| 210 |
|
|
|a [Б. м.]
|c [Б. и.]
|d [Б. г.]
|
| 215 |
|
|
|a С. 25-28
|c ил.
|
| 225 |
1 |
|
|a Атомная энергия
|v Т. 24, вып. 1
|
| 320 |
|
|
|a Библиогр.: с. 28
|
| 606 |
1 |
|
|a Синхротронное излучение
|2 stltpush
|3 (RuTPU)RU\TPU\subj\54892
|9 72965
|
| 606 |
1 |
|
|a Синхротроны электронные
|2 stltpush
|3 (RuTPU)RU\TPU\subj\54897
|9 72970
|
| 610 |
1 |
|
|a радиальные колебания
|
| 610 |
1 |
|
|a синхротронные колебания
|
| 610 |
1 |
|
|a пучки электронов
|
| 610 |
1 |
|
|a исследования
|
| 610 |
1 |
|
|a оптические методы
|
| 610 |
1 |
|
|a ускорение
|
| 610 |
1 |
|
|a затухание
|
| 610 |
1 |
|
|a поперечные колебания
|
| 610 |
1 |
|
|a поперечное сечение
|
| 610 |
1 |
|
|a кинограммы
|
| 610 |
1 |
|
|a коллекция ТПУ
|
| 610 |
1 |
|
|a оттиски
|
| 675 |
|
|
|a 621.384.634.4
|v 4
|
| 701 |
|
1 |
|a Белик
|b Ю. А.
|
| 701 |
|
1 |
|a Воробьев
|b А. А.
|c российский физик
|c ректор Томского политехнического института, профессор
|f 1909-1981
|g Александр Акимович
|x TPU
|2 stltpush
|3 (RuTPU)RU\TPU\pers\12805
|
| 701 |
|
1 |
|a Диденко
|b А. Н.
|c физик
|c профессор Томского политехнического университета (до 1987 г.)
|c с 1988 г. заведующий кафедрой Московского инженерно-физического института
|c советник Российской академии наук
|f 1932-
|g Андрей Николаевич
|2 stltpush
|3 (RuTPU)RU\TPU\pers\19779
|
| 701 |
|
1 |
|a Кожевников
|b А. В.
|c физик
|c ученый секретарь Томского политехнического университета, кандидат физико-математических наук
|f 1941-
|g Анатолий Владимирович
|2 stltpush
|3 (RuTPU)RU\TPU\pers\28151
|
| 801 |
|
1 |
|a RU
|b 63413507
|c 20200807
|
| 801 |
|
2 |
|a RU
|b 63413507
|c 20200807
|g RCR
|
| 942 |
|
|
|c BK
|